Szczegóły MARC21

Deutsches Wörterbuch. Bd. 1- /

003 -Nazwa inst., której nr kontr. jest w polu 001 [,]
    • @
    • Nazwa instytucji, której n kontrolny jest w polu 001
    • NUKAT
005 -DATA I CZAS OSTATNIEJ MODYFIKACJI [,]
    • @
    • pole kontrolne
    • 20241231101718.0
020 -Międzynarod. znormalizowany nr książki - ISBN [ , ]
    • a
    • Numer ISBN
    • 3423059451 Find
040 -Instytucja sporządzająca opis [ , ]
    • a
    • Instytucja, która sporządziła opis (NP)
    • KR PAU/LP
    • c
    • Instytucja, która sporządziła rekord (NP)
    • KR PAU/LP
942 -Rodzaj dokumentu [ , ]
    • c
    • Rodzaj dokumentu
    • Książka
100 -Hasło główne - nazwa osobowa [1, ]
    • a
    • Nazwa osobowa (NP)
    • Grimm, Jacob
    • d
    • Daty biograficzne (NP)
    • (1785-1863).
    • 9
    • KHW
    • 25923
245 -Strefa tytułu i oznaczenia odpowiedzialności [1,0]
    • a
    • Tytuł
    • Deutsches Wörterbuch. Find
    • n
    • Oznaczenie części (P)
    • Bd. 1- /
    • c
    • Pozostałe elementy strefy tytułu i oznaczenia odpowiedzialności (NP)
    • von Jacob und Wilhelm Grimm.
260 -Strefa adresu wydawniczego [ , ]
    • a
    • Miejsce wydania (P)
    • München :
    • b
    • Nazwa wydawcy (P)
    • Deutscher Taschenbuch Verlag,
    • c
    • Data wydania (P)
    • 1984-.
300 -Strefa opisu fizycznego [ , ]
    • a
    • Określenie formy książki i/lub objętość (NP)
    • Wol. ;
    • c
    • Format (NP)
    • 24 cm.
336 -Typ zawartości [ , ]
    • a
    • Termin opisujący typ zawartości
    • Tekst
    • b
    • Kod określający zawartość
    • txt
    • 2
    • Źródło (terminu i kodu)
    • rdacontent
337 -Typ mediów [ , ]
    • a
    • Tryb odtwarzania
    • Bez urządzenia pośredniczącego
    • b
    • Kod typu mediów
    • n
    • 2
    • Źródło (terminu i kodu)
    • rdamedia
338 -Typ/rodzaj nośnika [ , ]
    • a
    • Hasło opisujące typ nośnika
    • Wolumin
    • b
    • Kod typu nośnika
    • nc
    • 2
    • Źródło (terminu i kodu)
    • rdacarrier
490 -Strefa serii i książki wielotomowej - forma nie do wyszukiwania [1, ]
    • a
    • Tytuł (P)
    • dtv ; Find
    • v
    • Numeracja (P)
    • 5945
830 -Hasło dodatkowe serii i opisu książki wielotomowej - tytuł ujednolicony/tytuł [ ,0]
    • a
    • Tytuł ujednolicony/tytuł (NP)
    • Dtv
    • x
    • ISSN
    • 0416-5675
    • v
    • Oznaczenie tomu (NP)
    • 5945
    • 9
    • KHW
    • 60375
534 -Uwaga dot. podstawy reprodukcji [ , ]
    • p
    • Określenie wprowadzające
    • Fotomechan. Nachdr. d. Erstausg., oryg.:
    • c
    • Adres wydawniczy oryginału
    • Leipzig : Verlag von S. Hirzel, 1854-1971.
080 -Uniwersalna Klasyfikacja Dziesiętna [ , ]
    • a
    • Symbol klasyfikacji
    • 803.0(091)"17/18"(03)=30
650 -Hasło przedmiotowe [ ,7]
    • a
    • Hasło przedmiotowe
    • Język niemiecki
    • y
    • Określnik chronologiczny
    • 19 w.
    • v
    • Określnik formalny
    • słowniki.
    • 2
    • Źródło terminu
    • kaba
    • 9
    • KHW
    • 639967
980 -Symbol UKD [ , ]
    • a
    • UKD
    • 803.0(091)"17/18"(03)=30
700 -Hasło dodatkowe - nazwa osobowa [1, ]
    • a
    • Nazwa osobowa (NP)
    • Grimm, Wilhelm Find
    • d
    • Daty biograficzne (NP)
    • (1786-1859).
    • 9
    • KHW
    • 25924
710 -Hasło dodatkowe - nazwa ciała zbiorowego [2, ]
    • a
    • Nazwa ciała zbiorowego lub nazwa geograficzna jako pierwszy element (NP)
    • Deutscher Taschenbuch-Verlag.
    • 4
    • Kod relacji
    • pbl
    • 9
    • KHW
    • 78194
920 -ISBN [ , ]
    • a
    • ISBN
    • 3-423-05945-1 Find
Numer porzadkowy Lokalizacja Data inwentaryzacji Status udost. Numer inwentarzowy Numer tomu Sygnatura
1BM1995-11-031G.10929Bd.1 A-BiermolkeGERM. Słowniki jęz. niem. 06
2BM1995-11-031G.10930Bd.2 Biermörder-DwatschGERM. Słowniki jęz. niem. 07
3BM1995-11-031G.10931Bd.3 E-ForscheGERM. Słowniki jęz. niem. 08
4BM1995-11-031G.10932Bd.4 Forschel-GefolgsmannGERM. Słowniki jęz. niem. 09
5BM1995-11-031G.10933Bd.5 Gefoppe-GetreibsGERM. Słowniki jęz. niem. 10
6BM1995-11-031G.10934Bd.6 Getreide-GewöhniglichGERM. Słowniki jęz. niem. 11
7BM1995-11-031G.10935Bd.7 Gewöhnlich-GleveGERM. Słowniki jęz. niem. 12
8BM1995-11-031G.10936Bd.8 Glibber-GräzistGERM. Słowniki jęz. niem. 13
9BM1995-11-031G.10937Bd.9 Greander-GymnastikGERM. Słowniki jęz. niem. 14
10BM1995-11-031G.10938Bd.10 H-JuzenGERM. Słowniki jęz. niem. 15
11BM1995-11-031G.10939Bd.11 K-KyrieGERM. Słowniki jęz. niem. 16
12BM1995-11-031G.10940Bd.12 L-MythischGERM. Słowniki jęz. niem. 17
13BM1995-11-031G.10941Bd.13 N-QuurrenGERM. Słowniki jęz. niem. 18
14BM1995-11-031G.10942Bd.14 R-SchiefeGERM. Słowniki jęz. niem. 19
15BM1995-11-031G.10943Bd.15 Schiefeln-SeeleGERM. Słowniki jęz. niem. 20
16BM1995-11-031G.10944Bd.16 Seeleben-SprechenGERM. Słowniki jęz. niem. 21
17BM1995-11-031G.10945Bd.17 Sprecher-StehuhrGERM. Słowniki jęz. niem. 22
18BM1995-11-031G.10946Bd.18 Stehung-StitzigGERM. Słowniki jęz. niem. 23
19BM1995-11-031G.10947Bd.19 Stob-StrollenGERM. Słowniki jęz. niem. 24
20BM1995-11-031G.10948Bd.20 Strom-SzischeGERM. Słowniki jęz. niem. 25
21BM1995-11-031G.10949Bd.21 T-TreftigGERM. Słowniki jęz. niem. 26
22BM1995-11-031G.10950Bd.22 Treib-TzGERM. Słowniki jęz. niem. 27
23BM1995-11-031G.10951Bd.23 U-UmzwingenGERM. Słowniki jęz. niem. 28
24BM1995-11-031G.10952Bd.24 Un-UzvogelGERM. Słowniki jęz. niem. 29
25BM1995-11-031G.10953Bd.25 V-VerzwunzenGERM. Słowniki jęz. niem. 30
26BM1995-11-031G.10954Bd.26 Vesche-VulkanischGERM. Słowniki jęz. niem. 31
27BM1995-11-031G.10955Bd.27 W-WegzwieselGERM. Słowniki jęz. niem. 32
28BM1995-11-031G.10956Bd.28 Weh-WendunmutGERM. Słowniki jęz. niem. 33
29BM1995-11-031G.10957Bd.29 Wenig-WikingGERM. Słowniki jęz. niem. 34
30BM1995-11-031G.10958Bd.30 Wilb-YsopGERM. Słowniki jęz. niem. 35
31BM1995-11-031G.10959Bd.31 Z-ZmascheGERM. Słowniki jęz. niem. 36
32BM1995-11-031G.10960Bd.32 Zobel-ZypressenzweigGERM. Słowniki jęz. niem. 37
33BM1995-11-031G.10961Bd.33 QuellenverzeichnisGERM. Słowniki jęz. niem. 38